| 000 | 00992cam a22003255a 4500 | ||
|---|---|---|---|
| 001 | 17292951 | ||
| 003 | LC | ||
| 005 | 20160316144654.0 | ||
| 008 | 120510s1992 nyub 000 1 eng d | ||
| 010 | _a 91093147 | ||
| 016 | _a950038466 | ||
| 020 | _a070999004990 | ||
| 035 | _a(OCoLC)ocm25492943 | ||
| 040 |
_aZZC _cZZC _dNLC _dBTCTA _dYDXCP _dBAKER _dOCLCG _dTOH _dCRU _dDLC |
||
| 042 | _alccopycat | ||
| 050 | 0 | 0 |
_aPS 8571.I48 _b.K48 1992 |
| 082 |
_aFIC _bK55g 1992 |
||
| 100 | 1 |
_aKilian, Crawford, _d1941- _920729 |
|
| 245 | 1 | 0 |
_aGreenmagic / _cCrawford Kilian. |
| 250 | _a1st ed. | ||
| 260 |
_aNew York : _bBallantine Books, _cc1992. |
||
| 300 |
_a311 p. : _c18 cm. |
||
| 650 | 0 |
_aScience fiction, Canadian. _920730 |
|
| 655 | 7 |
_aFantastic fiction. _2gsafd _94903 |
|
| 710 | 2 |
_aCopyright Paperback Collection (Library of Congress) _5DLC _9705 |
|
| 906 |
_a0 _bibc _ccopycat _d2 _eepcn _f20 _gy-genrareb |
||
| 942 |
_2lcc _cBK |
||
| 999 |
_c11616 _d11616 |
||